000 02117nam0a2200469 4500
001 RU\NLR\bibl\1796743
005 20250616144934.0
010 _a978-5-17-073025-4
_bАСТ
_d4000
010 _a978-5-271-34125-0
_bАстрель
010 _a978-5-4215-2092-4
_bПолиграфиздат
021 _aRU
_b2011-52600
_93750
035 _a(nilc)RSL-KNO-004971609
035 _a(LIBNET)IZD\AST\2007\1087376
035 _a(NLR Aleph) 001787425
090 _a1735909
_c1735909
100 _a20110610d2011 |||y0rusy50 ca
101 1 _arus
_ceng
102 _aRU
105 _ay |||||||||
200 1 _aМейсенский узник
_e[все так и было
_eпоразительная история алчности и предательства]
_fДжанет Глисон
_g[пер. с англ. Екатерины Доброхотовой-Майковой]
210 _aМосква
_cACT [и др.]
_d2011
215 _a317, [2] с.
_d21
300 _aНа 4-й с. обл. авт.: Д. Глисон, писательница и искусствовед
313 _aизобретатель европейского фарфора Бёттгер
320 _aБиблиогр.: с. 313-318
320 _aДр. произведения авт. на 4-й с. обл.
600 1 _aБёттгер
_bИ. Ф.
_f1682 - 1719
_gИоганн Фридрих
_91167218
_3RU\NLR\AUTH\66150146
606 1 _aХудожественные фарфоро-фаянсовые изделия немецкие
_yМейсен, город (Германия)
_92623149
_3RU\NLR\auth\661559709
686 _aШ5(4Вл)62-644.6
_2rubbk
686 _aЩ125.145.3(4Г)5-692Мейсен
686 _aЛ427.3д(3)Бёттгер
700 1 _aГлисон
_bД.
_gДжанет
_4070
801 0 _aRU
_bЛИБНЕТ
_c20110610
_gRCR
801 1 _aRU
_bЛИБНЕТ
_c20110610
801 2 _aRU
_bНБР Карелия
_c20110726
_gRCR
801 1 _aRU
_bRuMoRGB
_c20110610
801 2 _aRU
_bNLR
_c20110810
_grcr
942 _cBOOK
980 _aNB
980 _aNBR